Los animales de la granja : (Record no. 15144)

000 -CABECERA
fixed length control field 00795nam a22002537a 4500
003 - IDENTIFICADOR DEL NÚMERO DE CONTROL
control field AR-CdUCM
008 - DATOS DE LONGITUD FIJA--INFORMACIÓN GENERAL
fixed length control field 190426b ||||| |||| 00| 0 spa d
020 ## - NÚMERO INTERNACIONAL ESTÁNDAR DEL LIBRO
ISBN 978-84-9101-195-8
040 ## - FUENTE DE LA CATALOGACIÓN
Agencia/entidad que catalogó originalmente la obra MUNICIPALIDAD PROVINCIAL DEL CUSCO
Entidad que transcribió la catalogación BIBLIOTECA MUNICIPAL DEL CUSCO
082 ## - NÚMERO DE LA CLASIFICACIÓN DECIMAL DEWEY
No. de Clasificación PI / 376.12 / A83
Notacion interna A83
110 ## - ENTRADA PRINCIPAL--NOMBRE DE ENTIDAD CORPORATIVA
Nombre de la institución, jurisdicción como entrada principal Editions Caramel
9 (RLIN) 51044
245 ## - MENCIÓN DE TÍTULO
Título Los animales de la granja :
Resto del título El Mundo Animal /
260 ## - PUBLICACIÓN, DISTRIBUCIÓN, ETC.
Lugar de publicación, distribución, etc. España :
Nombre de la editorial, distribuidor, etc. Edición Española C.C. Asturias S.L.
Fecha de publicación, distribución, etc. 2006
300 ## - DESCRIPCIÓN FÍSICA
Nº de Páginas Extensión 8 páginas. :
Otros detalles físicos Ilustraciones
Dimensiones 27x20 cm.
505 ## - NOTA DE CONTENIDO CON FORMATO
Nota de contenido formateada Animales de granja
650 ## - PUNTO DE ACCESO ADICIONAL DE MATERIA--TÉRMINO DE MATERIA
Descriptor Asno
9 (RLIN) 51045
650 ## - PUNTO DE ACCESO ADICIONAL DE MATERIA--TÉRMINO DE MATERIA
Descriptor Gallina
9 (RLIN) 51051
650 ## - PUNTO DE ACCESO ADICIONAL DE MATERIA--TÉRMINO DE MATERIA
Descriptor Pato
9 (RLIN) 51046
650 ## - PUNTO DE ACCESO ADICIONAL DE MATERIA--TÉRMINO DE MATERIA
Descriptor Obeja
9 (RLIN) 51047
650 ## - PUNTO DE ACCESO ADICIONAL DE MATERIA--TÉRMINO DE MATERIA
Descriptor Chivo
9 (RLIN) 51052
856 ## - LOCALIZACIÓN Y ACCESO ELECTRÓNICOS
Dirección electrónica www.comicsycuentos.com
942 ## - ELEMENTOS DE PUNTO DE ACCESO ADICIONAL (KOHA)
Fuente de clasificación
Tipo de item Libros-BMC
945 ## - PROCESAMIENTO DE INFORMACIÓN LOCAL (OCLC)
Catalogador pbjr
AAAA-MM-DD - Fecha de ingreso o modificacion 24-02-2025
Holdings
Estado de retiro (separado) Fuente de clasificación o esquema de estanterías Estado dañado Ubicación Sala donde se ubica Nombre de la colección Fecha de adquisición o compra Costo, precio normal en soles Signatura topográfica Código de Barras Última vez visto (Koha) Tipo de ítem (Koha) Fuente de adquisición
No     Sala de Infantes Sala de Infantes Children's Area 2019-04-26 25.00 PI / 376.12 / J11 SI00003601 2019-04-26 Libros-BMC  
No     Sala de Infantes Sala de Infantes Children's Area 2019-04-26 25.00 PI / 376.12 / J11 / e.2 SI00003602 2019-04-26 Libros-BMC  
No     Sala de Infantes Sala de Infantes Book Cart 2025-02-24 5.00 PI / 376.12 / A83 SI00004953 2025-02-24 Libros-BMC Donación

Powered by Koha